[Event "27th Avoine Open"]
[Site "Avoine FRA"]
[Date "2012.07.21"]
[Round "1.8"]
[White "Anton,T"]
[Black "Garnier,T"]
[Result "1/2-1/2"]
[WhiteElo "2423"]
[BlackElo "2055"]

1.d4 Nf6 2.c4 e6 3.Nc3 Bb4 4.Nf3 d5 5.Bg5 h6 6.Bh4 Nbd7 7.e3 c5 8.cxd5 exd5
9.dxc5 Qa5 10.Rc1 Ne4 11.Qd4 O-O 12.Be2 Ndxc5 13.Be7 Nxc3 14.bxc3 Nd3+ 15.Qxd3 Bxe7
16.Qd2 Bf5 17.Nd4 Be4 18.O-O Ba3 19.Rcd1 Rac8 20.Nb5 Bc5 21.Bd3 Bxd3 22.Qxd3 a6
23.Nd4 Bxd4 24.Qxd4 Qxa2  1/2-1/2

[Event "Turkish Bank Chess League 2012"]
[Site "Konya TUR"]
[Date "2012.07.21"]
[Round "12"]
[White "Iordachescu,V"]
[Black "Yasin,H"]
[Result "1-0"]
[WhiteElo "2636"]
[BlackElo "2129"]

1.c4 e6 2.d4 Nf6 3.Nc3 Bb4 4.Nf3 d5 5.e3 O-O 6.Bd3 b6 7.O-O Bb7 8.Bd2 c5
9.cxd5 exd5 10.dxc5 bxc5 11.a3 Ba5 12.Na4 Bxd2 13.Nxc5 Bxe3 14.fxe3 Qe7 15.Rc1 Qxe3+
16.Kh1 Bc8 17.Rc3 Qh6 18.Nd4 Ng4 19.h3 Ne3 20.Bxh7+ Kh8 21.Rxe3 Qxe3 22.Bc2 Qh6
23.Nf5 Bxf5 24.Rxf5 g6 25.Rf6 a5 26.Qd4 Kh7 27.Kh2 Qg7 28.Qf2 Kg8 29.h4 Ra7
30.Ne6 fxe6 31.Rxf8+ Qxf8 32.Qxa7 Qd6+ 33.Kh3 Nc6 34.Qb6 e5 35.Ba4 Qe6+ 36.Kg3 Nd4
37.Qxe6+ Nxe6 38.Bc6 Nc7 39.b4 axb4 40.axb4 Kf7 41.b5 Ke6 42.b6 Na6 43.Kg4 Nb8
44.Bb5 Kf6 45.b7 e4 46.Kf4 Ke6 47.g3 Kf6 48.g4 g5+ 49.hxg5+ Ke6 50.g6 Kf6
51.g7 Kxg7 52.Ke5 Kf7 53.Kd6 d4 54.Kc7  1-0

[Event "23rd Czech Open A"]
[Site "Pardubice CZE"]
[Date "2012.07.21"]
[Round "2.64"]
[White "Pacher,M"]
[Black "Gruenter,M"]
[Result "1/2-1/2"]
[WhiteElo "2437"]
[BlackElo "2232"]

1.d4 Nf6 2.c4 e6 3.Nc3 Bb4 4.Nf3 c5 5.g3 b6 6.Bg2 Bb7 7.d5 exd5 8.Nh4 Ne4
9.Nf5 O-O 10.Bxe4 Bxc3+ 11.bxc3 dxe4 12.Qd6 Re8 13.Nxg7 Kxg7 14.Qh6+ Kg8
15.Bg5 Re6 16.Qxe6 Qxg5 17.Qe8+ Kg7 18.Rd1 Bc6 19.Qc8 Qe5 20.O-O a5 21.Qd8 Na6
22.Qxb6 Nc7 23.Qb2 Ne6 24.Qd2 Qf5 25.Qe3 h6 26.h4  1/2-1/2

[Event "2nd Science Park Open A"]
[Site "Amsterdam NED"]
[Date "2012.07.22"]
[Round "9"]
[White "Hovenga,A"]
[Black "Mellema,A"]
[Result "0-1"]
[WhiteElo "2247"]
[BlackElo "2167"]

1.d4 Nf6 2.Nf3 e6 3.c4 Bb4+ 4.Nc3 b6 5.Qb3 c5 6.Bg5 Bb7 7.e3 h6 8.Bh4 g5
9.Bg3 Ne4 10.Bd3 Nxg3 11.hxg3 Nc6 12.O-O Bxc3 13.Qxc3 Qf6 14.a3 g4 15.Ne5 Nxe5
16.dxe5 Qg5 17.Be2 O-O-O 18.b4 h5 19.f4 gxf3 20.Bxf3 h4 21.gxh4 Qxh4 22.Bxb7+ Kxb7
23.Rf4 Qg3 24.Qd3 Rh3 25.bxc5 Qxe3+ 26.Qxe3 Rxe3 27.Rxf7 bxc5 28.Rd1 Kc7
29.Rd6 Rxe5 30.Ra6 Ra8 31.Kf2 Re4 32.Ra4 a5 33.Kf3 Re1 34.Kf2 Rd1 35.g4 Kb6
36.Rf3 Kc6 37.Rg3 Rf8+ 38.Kg2 Rd2+ 39.Kg1 Rb8 40.Rg2 Rxg2+ 41.Kxg2 Kb6 42.Kf3 Rf8+
43.Ke4 d6 44.Ke3 e5 45.Ke2 Rf4  0-1

[Event "XXI TCh-MKD 2012"]
[Site "Struga MKD"]
[Date "2012.07.22"]
[Round "7.1"]
[White "Chatalbashev,B"]
[Black "Ivanisevic,I"]
[Result "0-1"]
[WhiteElo "2550"]
[BlackElo "2642"]

1.d4 Nf6 2.c4 e6 3.Nc3 Bb4 4.Nf3 c5 5.g3 cxd4 6.Nxd4 Qc7 7.Bg2 Qxc4 8.O-O O-O
9.Ncb5 Nc6 10.b3 Qc5 11.a3 Nxd4 12.axb4 Qxb5 13.Qxd4 d5 14.Bg5 Ne4 15.Bxe4 dxe4
16.Ra5 Qxe2 17.Be7 Re8 18.Rg5 g6 19.Re5 Qd3 20.Qxd3 exd3 21.Bf6 b6 22.Rd1 Ba6
23.b5 Bb7 24.Rxd3 Rec8 25.Re1 Bd5 26.Ra1 h6 27.g4 Rc5 28.Rh3 Kh7 29.Bg5 h5
30.gxh5 gxh5 31.f4 Kg6 32.Be7 Rxb5 33.Kf2 f6 34.b4 a5 35.Bd6 axb4 36.Rg1+ Kh6
37.Rhg3 Ra2+ 38.Ke3 Ra3+ 39.Kd4 Rxg3 40.Rxg3  0-1

[Event "Corporation Centre Cup A"]
[Site "Izhevsk RUS"]
[Date "2012.07.23"]
[Round "8"]
[White "Khismatullin,D"]
[Black "Smirnov,P"]
[Result "1-0"]
[WhiteElo "2664"]
[BlackElo "2592"]

1.d4 Nf6 2.c4 e6 3.Nc3 Bb4 4.Nf3 O-O 5.Qc2 c5 6.dxc5 Na6 7.e3 Nxc5 8.Bd2 b6
9.a3 Bxc3 10.Bxc3 Bb7 11.Be2 d5 12.Rd1 Qe7 13.O-O Rac8 14.b3 dxc4 15.Bxc4 b5
16.Bxb5 Nce4 17.Bc4 Nxc3 18.Qxc3 Bxf3 19.gxf3 Qxa3 20.Ra1 Qe7 21.Ra5 Nd5
22.Qe5 Nb6 23.Bd3 Rfd8 24.Be4 f6 25.Qa1 Rc7 26.f4 Nc8 27.Qa3 Qxa3 28.Rxa3 f5
29.Bf3 Rd2 30.Raa1 Kf7 31.Rfc1 Rdc2 32.Rxc2 Rxc2 33.Kf1 Ke7 34.Be2 Rc7 35.Bd3 Nb6
36.Ke2 Nd5 37.Kd2 g6 38.Bc4 Nb6 39.Bb5 Nd5 40.Ra5 Nb6 41.Kd3 Nd5 42.Bc4 Nb4+
43.Kd2 Rb7 44.Kc3 Kd6 45.h4 Nc6 46.Ra6 Rb6 47.Ra1 e5 48.Rd1+ Ke7 49.fxe5 Nxe5
50.Ra1 Rb7 51.Ra6 Nf3 52.h5 gxh5 53.Rh6 Ng5 54.Bd5 Rd7 55.Kc4 Kd8 56.Rxh5 Nf7
57.Kc5 Rc7+ 58.Kd4 Nd6 59.Ke5 Nb5 60.Rxf5 Rc2 61.f4 a5 62.Rf8+ Kc7 63.Rf7+ Kb6
64.Rxh7 Nc7 65.Rh6+ Kb5 66.Bc4+ Kc5 67.Rh7 Kb6 68.Ke4  1-0

[Event "Dutch Open 2012"]
[Site "Dieren NED"]
[Date "2012.07.24"]
[Round "1.2"]
[White "Greenfeld,A"]
[Black "Hoogland,D"]
[Result "1-0"]
[WhiteElo "2556"]
[BlackElo "2169"]

1.d4 Nf6 2.Nf3 e6 3.c4 Bb4+ 4.Nc3 Nc6 5.Bg5 h6 6.Bh4 d6 7.e3 O-O 8.Be2 Qe7
9.O-O Bxc3 10.bxc3 e5 11.Nd2 g5 12.Bg3 Nh7 13.Re1 f5 14.f4 e4 15.c5 Nd8 16.Qb3+ Kg7
17.Nc4 dxc5 18.Red1 Nf6 19.fxg5 hxg5 20.Qa3 Rf7 21.d5 b6 22.d6 cxd6 23.Nxb6 axb6
24.Qxa8 Bb7 25.Bxd6 Qe8 26.Qb8 Nd7 27.Bb5 f4 28.Bxd7 Rxd7 29.exf4 e3 30.Be5+ Kh7
31.fxg5 Rxd1+ 32.Rxd1 e2 33.Re1  1-0

[Event "30th Andorra Open"]
[Site "Erts-La Massana AND"]
[Date "2012.07.24"]
[Round "4.2"]
[White "Alonso Rosell,A"]
[Black "Hammer,J"]
[Result "1/2-1/2"]
[WhiteElo "2502"]
[BlackElo "2638"]

1.d4 Nf6 2.c4 e6 3.Nc3 Bb4 4.Nf3 d5 5.cxd5 exd5 6.Bg5 h6 7.Bh4 g5 8.Bg3 Ne4
9.Nd2 Nxg3 10.hxg3 c6 11.e3 Nd7 12.Bd3 Nf6 13.a3 Be7 14.Qb3 Qb6 15.Qc2 Be6
16.Na4 Qc7 17.Nc5 O-O-O 18.b4 Kb8 19.Rc1 Ka8 20.a4 Bc8 21.b5 cxb5 22.axb5 b6
23.Na6 Qxc2 24.Rxc2 Bd6 25.Rc6 Bb7 26.Nc7+ Kb8 27.Na6+ Ka8 28.Nc7+ Kb8 29.Na6+  1/2-1/2

[Event "30th Andorra Open"]
[Site "Erts-La Massana AND"]
[Date "2012.07.25"]
[Round "5.2"]
[White "Hammer,J"]
[Black "Zoler,D"]
[Result "1-0"]
[WhiteElo "2638"]
[BlackElo "2527"]

1.d4 Nf6 2.c4 e6 3.Nc3 Bb4 4.Nf3 O-O 5.Bg5 c5 6.Rc1 h6 7.Bd2 cxd4 8.Nxd4 Nc6
9.a3 Be7 10.Nf3 d5 11.e3 dxc4 12.Bxc4 b6 13.O-O Bb7 14.Qe2 a6 15.Rfd1 Qb8
16.Ba2 b5 17.Be1 Rd8 18.Bb1 Rxd1 19.Rxd1 Ne5 20.Nxe5 Qxe5 21.f3 Rd8 22.Rxd8+ Bxd8
23.e4 Bb6+ 24.Bf2 Bxf2+ 25.Qxf2 Qf4 26.Bd3 Qc1+ 27.Bf1 Nd7 28.Qd4 Qxb2 29.Nxb5 Qxd4+
30.Nxd4 Kf8 31.Nb3 Ke7 32.Na5 Bc8 33.Nc4 f6 34.Kf2 e5 35.Ke1 Nc5 36.Kd2 Be6
37.Ne3 Kd6 38.Kc3 Kc6 39.Bc4 Bxc4 40.Kxc4 Ne6 41.Nf5 Kd7 42.Kb4 Kc6 43.Ka5 Kb7
44.h4 Ka7 45.g3 Kb7 46.Kb4 Kb6 47.Kc4 Kc6 48.h5 Kc7 49.Kd5 Kd7 50.a4 a5 51.g4 Ng5
52.Nxg7 Nxf3 53.Nf5 Nd2 54.Nxh6 Ke7 55.Nf5+ Kf7 56.Nd6+ Kg7 57.Nb7 Nf1 58.Nxa5 Ne3+
59.Kc5 Nxg4 60.Nc4 Nf2 61.Nd6 Nd3+ 62.Kb5 Nf4 63.a5 Ne6 64.Kb6  1-0

[Event "21st Kavala Open A"]
[Site "Kavala GRE"]
[Date "2012.07.25"]
[Round "1"]
[White "Djukic,Sa"]
[Black "Sanikidze,T"]
[Result "0-1"]
[WhiteElo "2166"]
[BlackElo "2596"]

1.d4 Nf6 2.c4 e6 3.Nc3 Bb4 4.Nf3 d5 5.cxd5 exd5 6.Bg5 h6 7.Bxf6 Qxf6 8.Rc1 O-O
9.Qb3 c5 10.e3 Nc6 11.Be2 c4 12.Qd1 b5 13.O-O Bxc3 14.bxc3 Bf5 15.Nd2 Qe6
16.Re1 Bg6 17.Bf3 f5 18.g3 Rfd8 19.Bg2 b4 20.Qa4 Be8 21.Qc2 Rab8 22.Rb1 Bg6
23.Qa4 bxc3 24.Nxc4 Rxb1 25.Rxb1 f4 26.Rc1 Nxd4 27.exd4 dxc4 28.d5 Qe2 29.Qa5 Rb8
30.Qxc3 Rb2 31.Rf1 Rxa2 32.gxf4 Bd3 33.Qd4 Qb2 34.Qxb2 Rxb2 35.Rc1 c3 36.d6 Kf8
37.d7 Ke7  0-1

[Event "23rd Czech Open A"]
[Site "Pardubice CZE"]
[Date "2012.07.25"]
[Round "6.44"]
[White "Kigel,D"]
[Black "Kulhanek,T"]
[Result "1-0"]
[WhiteElo "2276"]
[BlackElo "2396"]

1.d4 Nf6 2.c4 e6 3.Nc3 Bb4 4.Nf3 d6 5.Qc2 Nbd7 6.Bg5 b6 7.d5 e5 8.Nd2 Bxc3
9.Qxc3 h6 10.Bh4 Nf8 11.Bxf6 Qxf6 12.g3 Nh7 13.Bg2 O-O 14.O-O Bg4 15.e4 Qe7
16.b4 a5 17.a3 Rfc8 18.f4 f6 19.c5 Qe8 20.c6 axb4 21.axb4 Rxa1 22.Rxa1 Ra8
23.Ra3 exf4 24.gxf4 g5 25.Rxa8 Qxa8 26.fxg5 hxg5 27.Bh3 Bxh3 28.Qxh3 b5 29.Qe6+ Kh8
30.Kf2 Qa7+ 31.Ke2 Kg7 32.Qc8 Kh6 33.Qb7 Qg1 34.Qxc7 Qxh2+ 35.Kd3 g4 36.Qe7 g3
37.Qxd6 Qh3 38.Qf4+ Kg7 39.Qe3 Ng5 40.c7 Nf7 41.Kc2 Nd6 42.Qf3 Kh7 43.Qxf6 Nc4
44.Qf7+ Kh6 45.Qf8+  1-0

[Event "TCh-CRC Premier 2012"]
[Site "San Jose CRC"]
[Date "2012.07.25"]
[Round "4.5"]
[White "Zamora Mejias,Alonso"]
[Black "Gamboa Alvarado,L"]
[Result "1-0"]
[WhiteElo "1928"]
[BlackElo "1879"]

1.d4 Nf6 2.c4 e6 3.Nc3 Bb4 4.Nf3 b6 5.e3 Bb7 6.Bd3 c5 7.Bd2 cxd4 8.exd4 d5
9.Qa4+ Nc6 10.Ne5 Bxc3 11.bxc3 Qc7 12.cxd5 Nxd5 13.Bb5 Ne7 14.Bf4 Qc8 15.Nc4 O-O
16.Nd6 Qc7 17.Nxb7 Qxb7 18.O-O a6 19.Bd3 Nd5 20.Bd2 b5 21.Qc2 h6 22.Qb2 Qc7
23.a4 b4 24.cxb4 Ncxb4 25.Bxb4 Rfb8 26.Be4 Nxb4 27.Bxa8 Nc2 28.Qc1 Rxa8 29.Rb1 Qc6
30.Rb2 Nxd4 31.Qxc6 Nxc6 32.Rc1 Ne5 33.Rbc2 Re8 34.Rc8 Kf8 35.Rxe8+ Kxe8
36.Rc8+ Kd7 37.Ra8 Kc7 38.Rxa6 Kb7 39.Rd6 Kc7 40.Ra6 Kb7 41.Ra5 Nc6 42.Rb5+ Ka6
43.Kf1 f6 44.Ke1 e5 45.Kd2 Nd4 46.Rd5 Kb6 47.Rd7 Nb3+ 48.Kc3 Nc5 49.Rxg7 Nxa4+
50.Kc4 Nb2+ 51.Kd5 Nd3 52.f3 Nf4+ 53.Ke4 Kc6 54.g3 Nd5 55.Rg6 Kd6 56.Rxh6 Ke6
57.g4 Ne7 58.h4 Nc8 59.g5 Nd6+ 60.Kd3 Ne8 61.Rxf6+ Nxf6 62.gxf6 Kf7 63.Ke4 Kxf6
64.h5 Ke6 65.h6 Kf6 66.h7 Kg7 67.Kxe5 Kxh7 68.Ke6 Kg8 69.f4 Kg7 70.f5 Kf8
71.Kf6  1-0

[Event "23rd Czech Open A"]
[Site "Pardubice CZE"]
[Date "2012.07.27"]
[Round "8.97"]
[White "Lorscheid,G"]
[Black "Laubert,J"]
[Result "1-0"]
[WhiteElo "2259"]
[BlackElo "2108"]

1.d4 Nf6 2.c4 e6 3.Nc3 Bb4 4.Nf3 b6 5.Bg5 Bb7 6.e3 O-O 7.Bd3 h6 8.Bh4 d6
9.Rc1 Nbd7 10.O-O e5 11.Bf5 g5 12.Nxg5 hxg5 13.Bxg5 Bxc3 14.Rxc3 Qe8 15.d5 Kg7
16.e4 Rh8 17.Rg3 Kf8 18.f4 Bc8 19.fxe5 Qxe5 20.Qf3 Qd4+ 21.Be3 Qxb2 22.Bxd7 Bxd7
23.Bg5 Qd4+ 24.Kh1 Rh7 25.Bxf6 Qxc4 26.Bg7+ Rxg7 27.Rxg7 Kxg7 28.Qxf7+ Kh8
29.Qh5+ Kg8 30.Qg5+ Kh8 31.Rf6 Bf5 32.Rxf5 Qxe4 33.Qh6+ Kg8 34.Qg6+  1-0

[Event "23rd Czech Open A"]
[Site "Pardubice CZE"]
[Date "2012.07.28"]
[Round "9.32"]
[White "Kigel,D"]
[Black "Bryzgalin,K"]
[Result "1/2-1/2"]
[WhiteElo "2276"]
[BlackElo "2490"]

1.d4 Nf6 2.c4 e6 3.Nc3 Bb4 4.Nf3 O-O 5.Bg5 h6 6.Bh4 d6 7.Nd2 Nbd7 8.e4 e5
9.Nd5 Bxd2+ 10.Qxd2 g5 11.Bg3 Nxe4 12.Qc2 c6 13.Qxe4 f5 14.Qf3 cxd5 15.Qxd5+ Kg7
16.f3 f4 17.Bf2 Nf6 18.Qb5 e4 19.O-O-O e3 20.Be1 Qe8 21.Qxe8 Rxe8 22.Bd3 d5
23.c5 Kf7 24.h4 Bd7 25.Ba5 Rac8 26.hxg5 hxg5 27.Rh6 Rg8 28.Rdh1 Rg7  1/2-1/2

[Event "TCh-CRC Premier 2012"]
[Site "San Jose CRC"]
[Date "2012.07.28"]
[Round "8.3"]
[White "Granados,C"]
[Black "Cabrera,Ma"]
[Result "1/2-1/2"]
[WhiteElo "2116"]
[BlackElo "2131"]

1.d4 Nf6 2.c4 e6 3.Nc3 Bb4 4.Nf3 Ne4 5.Qc2 f5 6.e3 b6 7.Be2 Bxc3+ 8.bxc3 O-O
9.O-O Bb7 10.c5 bxc5 11.Rb1 Ba6 12.Rxb8 Rxb8 13.Bxa6 cxd4 14.cxd4 Rb6 15.Bd3 Rc6
16.Qa4 Nc3 17.Qa5 d6 18.Bd2 Nd5 19.e4 Ne7 20.exf5 Nxf5 21.Re1 Qf6 22.Qa4 Rb6
23.Qc4 d5 24.Qc2 Nxd4 25.Nxd4 Qxf2+ 26.Kh1 Qxd4 27.Bc3 Qh4 28.Qe2 d4 29.g3 Qd8
30.Qe4 Qd5 31.Qxd5 exd5 32.Bxd4 Rc6 33.Re7 Rf7 34.Re8+ Rf8 35.Re7 Rf7 36.Re8+  1/2-1/2

[Event "XIV ch-Gdansk Int 2012"]
[Site "Gdansk POL"]
[Date "2012.07.29"]
[Round "9.40"]
[White "Kostecki,Samuel"]
[Black "Cybulski,R"]
[Result "1/2-1/2"]
[WhiteElo "1447"]
[BlackElo "1925"]

1.d4 Nf6 2.c4 e6 3.Nc3 Bb4 4.Nf3 b6 5.g3 Bb7 6.Bg2 O-O 7.O-O Bxc3 8.bxc3 Ne4
9.Qc2 f5 10.Bf4 Nc6 11.Nd2 Nxd2 12.Qxd2 Na5 13.Bxb7 Nxb7 14.Rab1 d6 15.Rbe1 h6
16.h4 Qf6 17.e4 fxe4 18.Rxe4 Rae8 19.Rfe1 Nd8 20.Qe2 Qg6 21.Bc1 Rf6 22.Rg4 Qf7
23.Rf4 e5 24.Rxf6 Qxf6 25.Qe4 Rf8 26.Re2 Nf7 27.Re3 Qe6 28.dxe5 Qxe5 29.Qd5 Qf6
30.Rf3 Qe5 31.Re3 Qxd5 32.cxd5 Ne5 33.f4 Nc4 34.Re7 Rf7 35.Re4 b5 36.a4 a6
37.Re8+ Rf8 38.Rxf8+ Kxf8 39.axb5 axb5 40.Kf2 Kf7  1/2-1/2

[Event "TCh-POR Div 1 Final"]
[Site "Matosinhos POR"]
[Date "2012.07.29"]
[Round "9.4.2"]
[White "Dias,P"]
[Black "Galego,L"]
[Result "0-1"]
[WhiteElo "2440"]
[BlackElo "2495"]

1.d4 Nf6 2.Nf3 e6 3.c4 Bb4+ 4.Nc3 c5 5.dxc5 Bxc5 6.e3 O-O 7.Be2 b6 8.O-O Bb7
9.a3 Be7 10.b3 d5 11.Bb2 Nbd7 12.b4 a5 13.Qb3 dxc4 14.Bxc4 axb4 15.axb4 Rxa1
16.Bxa1 Bxf3 17.gxf3 Ne5 18.Be2 Qa8 19.Ne4 Nxe4 20.Bxe5 Nd2 21.Qb2 Nxf3+
22.Bxf3 Qxf3 23.Bxg7 Rd8 24.Be5 h5 25.h4 Qg4+ 26.Kh1 Qh3+ 27.Kg1 Bxh4 28.Bh8 Kf8
29.Qg7+ Ke7 30.Rc1 Bxf2+  0-1

[Event "45th Biel Masters Open"]
[Site "Biel SUI"]
[Date "2012.07.30"]
[Round "7"]
[White "Grachev,B"]
[Black "Khairullin,I"]
[Result "1/2-1/2"]
[WhiteElo "2674"]
[BlackElo "2631"]

1.d4 Nf6 2.c4 e6 3.Nc3 Bb4 4.Nf3 c5 5.g3 Nc6 6.Bg2 Ne4 7.Bd2 Nxd2 8.Qxd2 cxd4
9.Nxd4 Ne5 10.Nc2 Be7 11.b3 O-O 12.O-O a6 13.Rfd1 Qc7 14.Rac1 d6 15.Ne3 Rb8
16.h4 b6  1/2-1/2

[Event "PAB Romania Open 2012"]
[Site "Arad ROU"]
[Date "2012.07.31"]
[Round "6.1"]
[White "Battaglini,G"]
[Black "Peptan,C"]
[Result "1-0"]
[WhiteElo "2419"]
[BlackElo "2420"]

1.d4 Nf6 2.c4 e6 3.Nc3 Bb4 4.Nf3 b6 5.Bg5 Bb7 6.e3 h6 7.Bh4 c5 8.a3 Bxc3+
9.bxc3 d6 10.Bd3 Nbd7 11.O-O Qe7 12.Nd2 g5 13.Bg3 h5 14.h4 g4 15.a4 a5 16.Rb1 Kd8
17.Qc2 Ne8 18.dxc5 dxc5 19.Be4 Ra7 20.Bxb7 Rxb7 21.Nb3 Ndf6 22.Rb2 e5 23.Rd1+ Kc8
24.Qf5+ Qe6 25.Qxe6+ fxe6 26.Bxe5 Rf8 27.Rbd2 Rd7 28.Kf1 Rxd2 29.Nxd2 Nd7
30.Bg3 Nef6 31.Ke2 e5 32.e4 Re8 33.f3 gxf3+ 34.gxf3 Nf8 35.Nf1 Re6 36.Ne3 Ng6
37.Nf5 Kc7 38.Bh2 Ne8 39.Rg1 Ne7 40.Nxe7 Rxe7 41.Rg5 Kd6 42.Rxh5 Nf6 43.Rf5 Nd7
44.h5 Rg7 45.Kf2 Ke6 46.Bg3 Rh7 47.Bh4 Rg7 48.Bg5 Rg8 49.Kg3 Nf8 50.Rf6+ Kd7
51.Kg4 Ne6 52.Rg6 Rf8 53.Bf6 Nf4 54.Bxe5 Nxg6 55.hxg6 Ke6 56.f4 Rd8 57.Bg7  1-0

[Event "Tabor Open 2012"]
[Site "Tabor CZE"]
[Date "2012.07.31"]
[Round "4.32"]
[White "Kudrlicka,L"]
[Black "Simacek,V"]
[Result "0-1"]
[WhiteElo "2071"]
[BlackElo "1829"]

1.d4 Nf6 2.Nf3 e6 3.c4 Bb4+ 4.Nc3 Nc6 5.Bg5 h6 6.Bh4 g5 7.Bg3 Ne4 8.Qc2 Bxc3+
9.bxc3 Nxg3 10.hxg3 Qf6 11.e3 b6 12.e4 e5 13.d5 Na5 14.c5 Nb7 15.cxb6 axb6
16.Nd2 Nc5 17.Be2 Bb7 18.Nf1 Qg6 19.f3 Bxd5 20.Ne3 Be6 21.Bc4 d6 22.Bd5 Ra7
23.Bxe6 fxe6 24.Qe2 O-O 25.Qc4 Kg7 26.Qb5 Qf7 27.Ng4 h5 28.Nf2 Ra5 29.Qb2 Kg6
30.Qb1 Ra3 31.Qd1 Rxc3 32.f4 h4 33.Rxh4 gxh4 34.Qg4+ Kh7 35.Nh3 Nxe4 36.Qxh4+ Kg8
37.Ke2 Rxg3 38.Ng5 Rxg2+ 39.Kd3 Nxg5 40.Qh1  0-1

[Event "45th Biel Masters Open"]
[Site "Biel SUI"]
[Date "2012.08.01"]
[Round "9"]
[White "Lampert,J"]
[Black "Das,Arg"]
[Result "0-1"]
[WhiteElo "2279"]
[BlackElo "2485"]

1.d4 Nf6 2.c4 e6 3.Nc3 Bb4 4.Nf3 b6 5.Bg5 Bb7 6.Nd2 Nc6 7.e3 d6 8.Bd3 h6
9.Bh4 g5 10.Bg3 Bxc3 11.bxc3 Qe7 12.Qe2 O-O-O 13.e4 e5 14.d5 Nb8 15.Nf1 Na6
16.Ne3 Kb8 17.f3 Nh5 18.Bf2 Nf4 19.Qf1 Qe8 20.g3 Ng6 21.Bc2 Bc8 22.Kd2 h5
23.Qd1 Ne7 24.h3 Ng6 25.Ba4 Qe7 26.Bb5 Nc5 27.Kc2 Qf6 28.Qe2 Ne7 29.Ng2 g4
30.Bxc5 dxc5 31.fxg4 hxg4 32.h4 Qg6 33.Kb2 Bb7 34.Ba4 Nc8 35.Bc2 Nd6 36.Ne3 Bc8
37.Qd3 Ba6 38.a4 c6 39.Kb3 f5 40.exf5 Qg8 41.Qe2 cxd5 42.Qxg4 Nxc4 43.Qxg8 Rhxg8
44.Nxc4 Bxc4+ 45.Kb2 Rxg3 46.h5 e4 47.h6 Rh8 48.Rh2 Kc7 49.h7 Rg7 50.Rah1 Rf7
51.Rh5 Be2 52.Rg5 Rhxh7 53.Rxh7 Rxh7 54.f6 Kd6 55.Rg7 Rh2 56.f7 Ke7 57.Kc1 Bc4
58.Bd1 e3 59.Bf3 Kf8 60.Rg5 Kxf7 61.Bxd5+ Kf6 62.Rg2 Rh4  0-1

[Event "Politiken Cup 2012"]
[Site "Helsingor DEN"]
[Date "2012.08.01"]
[Round "6.13"]
[White "Schlecht,D"]
[Black "Van Heirzeele,D"]
[Result "1/2-1/2"]
[WhiteElo "2379"]
[BlackElo "2145"]

1.d4 Nf6 2.c4 e6 3.Nc3 Bb4 4.Nf3 Ne4 5.Qc2 f5 6.g3 b6 7.Bg2 Bb7 8.O-O Bxc3
9.bxc3 O-O 10.Ba3 c5 11.Nd2 Nd6 12.dxc5 Bxg2 13.Kxg2 bxc5 14.Bxc5 Qc7 15.Bxd6 Qxd6
16.Qd3 Qc6+ 17.Kg1 Rc8 18.Rab1 Na6 19.Rb5 Nc5 20.Qd4 Nb7 21.Rfb1 Nd6 22.R5b4 h6
23.Rd1 Rc7 24.Rdb1 Kh7 25.R1b3 Nc8 26.h3 Nb6 27.g4 Rf8 28.Ra3 d6 29.Ra5 e5
30.Qd3 g6 31.Rab5 Rcf7 32.f3  1/2-1/2

[Event "17th Creon Open 2012"]
[Site "Creon FRA"]
[Date "2012.08.02"]
[Round "6.10"]
[White "Anton,T"]
[Black "Maupin,JP"]
[Result "1-0"]
[WhiteElo "2423"]
[BlackElo "2101"]

1.d4 Nf6 2.c4 e6 3.Nc3 Bb4 4.Nf3 c5 5.g3 O-O 6.Bg2 cxd4 7.Nxd4 d5 8.cxd5 Nxd5
9.Qb3 Qb6 10.Bxd5 Qxd4 11.Bg2 Nc6 12.Be3 Bxc3+ 13.bxc3 Qf6 14.O-O Qe7 15.Rab1 Rd8
16.Qa4 Ne5 17.Rfd1 Rxd1+ 18.Rxd1 h6 19.Qb4 Qc7 20.Bf4 f6 21.Qe4 Kf7 22.Qh7 Qc5
23.Bxh6 Qf8 24.Bf4 Nc6 25.Bd6 Qd8 26.Bf3 e5 27.Bd5+ Be6 28.Qh5+ g6 29.Qh7+  1-0

[Event "Politiken Cup 2012"]
[Site "Helsingor DEN"]
[Date "2012.08.04"]
[Round "9.88"]
[White "Degerfeldt,Sven"]
[Black "Larsen,Mi"]
[Result "1/2-1/2"]
[WhiteElo "1848"]
[BlackElo "2067"]

1.d4 Nf6 2.c4 e6 3.Nc3 Bb4 4.Nf3 O-O 5.Qc2 b6 6.Bg5 h6 7.Bh4 Bb7 8.e3 d6
9.Bd3 Nbd7 10.O-O Bxc3 11.bxc3 Qe7 12.e4 e5 13.Rfe1 c5 14.d5 Rfe8 15.Nd2 Nf8
16.f3 Ng6 17.Bxf6 Qxf6 18.g3 Qg5 19.Kh1 h5 20.Nf1 h4 21.Qc1 Qxc1 22.Raxc1 Bc8
23.Kg2 Kf8 24.Ne3 hxg3 25.hxg3 Ke7 26.Nf5+ Bxf5 27.exf5 Nf8 28.Rh1 Nd7 29.g4 Rab8
30.a4 Rh8 31.g5 f6 32.g6 Rxh1 33.Rxh1 a5 34.Be4 Rg8  1/2-1/2

[Event "Olomouc Summer Open"]
[Site "Olomouc CZE"]
[Date "2012.08.05"]
[Round "5.13"]
[White "Furman,Bo"]
[Black "Svancara,P"]
[Result "1/2-1/2"]
[WhiteElo "2255"]
[BlackElo "2121"]

1.d4 Nf6 2.c4 e6 3.Nc3 Bb4 4.Nf3 b6 5.Bg5 Bb7 6.e3 O-O 7.Bd3 h6 8.Bh4 d5
9.cxd5 exd5 10.O-O Nbd7 11.Rc1 Be7 12.Qe2 Ne4 13.Bg3 Nxg3 14.hxg3 c5 15.Rfd1 c4
16.Bb1 a6 17.Qc2 Nf6 18.Ne5 b5 19.Ne2 Bd6 20.Nf3 Qe7 21.Nh4 g6 22.Rf1 Rfe8
23.Rce1 Rad8 24.Qc1 Qf8 25.Nf3 a5 26.Nd2 Rc8 27.Bc2 Bc6 28.Qb1 b4 29.Rc1 Bb5
30.Rfe1  1/2-1/2

[Event "16th HZ Open"]
[Site "Vlissingen NED"]
[Date "2012.08.07"]
[Round "5"]
[White "Zwirs,Nico"]
[Black "Leenhouts,K"]
[Result "0-1"]
[WhiteElo "2173"]
[BlackElo "2390"]

1.d4 Nf6 2.c4 e6 3.Nf3 Bb4+ 4.Nc3 d5 5.e3 O-O 6.Bd3 c5 7.O-O Nc6 8.a3 Bxc3
9.bxc3 dxc4 10.Bxc4 Qc7 11.Qe2 e5 12.h3 Bf5 13.Bb2 Rfe8 14.Bb5 e4 15.Nd2 Rad8
16.c4 Nd7 17.f4 cxd4 18.exd4 f6 19.Qe3 Nb6 20.d5 a6 21.dxc6 Rd3 22.Qe2 axb5
23.cxb5 bxc6 24.bxc6 Nd5 25.Rae1 Qb6+ 26.Kh1 Qxb2 27.Qxd3 exd3 28.Rxe8+ Kf7
29.Nc4 Qc2 30.Nd6+ Kg6 31.g4 Qxc6 32.gxf5+ Kh5 33.Re6 Nxf4+ 34.Re4 d2  0-1

[Event "Olomouc Summer Open"]
[Site "Olomouc CZE"]
[Date "2012.08.09"]
[Round "9.3"]
[White "Sivuk,V"]
[Black "Goluch,P"]
[Result "1-0"]
[WhiteElo "2480"]
[BlackElo "2250"]

1.d4 Nf6 2.c4 e6 3.Nf3 Bb4+ 4.Nc3 c5 5.g3 d5 6.Bg2 O-O 7.cxd5 exd5 8.O-O Nc6
9.Bg5 Be6 10.dxc5 Bxc5 11.Rc1 Be7 12.Nd4 h6 13.Bf4 Rc8 14.Nxe6 fxe6 15.Bh3 e5
16.Bxc8 Qxc8 17.Nxd5 Qe6 18.Nxf6+ Bxf6 19.Be3 Qxa2 20.Qd3 Nd4 21.Bxd4 exd4
22.Ra1 Qxb2 23.Rfb1 Qc3 24.Rxa7 b6 25.Qxc3 dxc3 26.Rc7 Ra8 27.e3 Kh7 28.Kg2 Ra2
29.Rc6 Ra6 30.Rbxb6  1-0

[Event "16th Izmailov Mem"]
[Site "Tomsk RUS"]
[Date "2012.08.12"]
[Round "6.9"]
[White "Shkurikhin,I"]
[Black "Sukhanov,D"]
[Result "1-0"]
[WhiteElo "2398"]
[BlackElo "2152"]

1.d4 Nf6 2.c4 e6 3.Nc3 Bb4 4.Nf3 c5 5.e3 Nc6 6.Bd3 Bxc3+ 7.bxc3 d6 8.O-O e5
9.Ng5 h6 10.Ne4 O-O 11.Ba3 b6 12.Qf3 Bb7 13.Qf5 Nxe4 14.Bxe4 g6 15.Qh3 Kg7
16.dxe5 dxe5 17.Rad1 Qc8 18.Rd7 Rd8 19.Rfd1 Rxd7 20.Rxd7 Nd8 21.Bxb7 Nxb7
22.Qe6 Nd8 23.Qxe5+ Kg8 24.Qe8+ Kg7 25.Bc1 Qc6 26.Rxf7+  1-0

[Event "16th Izmailov Mem"]
[Site "Tomsk RUS"]
[Date "2012.08.12"]
[Round "6.6"]
[White "Arishin,S"]
[Black "Nukin,A"]
[Result "0-1"]
[WhiteElo "2183"]
[BlackElo "2347"]

1.d4 Nf6 2.c4 e6 3.Nc3 Bb4 4.Nf3 c5 5.e3 O-O 6.Bd3 d5 7.O-O Nc6 8.a3 Bxc3
9.bxc3 dxc4 10.Bxc4 Qc7 11.Bb2 e5 12.h3 Bf5 13.Qe2 Rad8 14.Ba2 e4 15.Nd2 Bg6
16.Nb3 cxd4 17.cxd4 Rd5 18.Rac1 Bh5 19.Qd2 Rg5 20.Rc5 Rxg2+ 21.Kxg2 Bf3+
22.Kg1 Qd7 23.Kh2 Ng4+ 24.Kg1 Qd6 25.hxg4 Qg6  0-1

[Event "Husek Vienna Open A"]
[Site "Vienna AUT"]
[Date "2012.08.13"]
[Round "1"]
[White "Michalik,P"]
[Black "Gutsch,Franz"]
[Result "1-0"]
[WhiteElo "2508"]
[BlackElo "2083"]

1.d4 Nf6 2.c4 e6 3.Nc3 Bb4 4.Nf3 Ne4 5.Qc2 f5 6.e3 b6 7.Bd3 Bb7 8.O-O Bxc3
9.bxc3 O-O 10.c5 bxc5 11.Rb1 Ba6 12.c4 Nc6 13.Ba3 Nb4 14.Bxb4 cxb4 15.Rxb4 Rb8
16.Rxb8 Qxb8 17.Bxe4 fxe4 18.Ne5 Qc8 19.Qxe4 d6 20.Nc6 Qd7 21.d5 exd5 22.Qxd5+ Qf7
23.Rc1 Bb7 24.Qxf7+ Kxf7 25.Nxa7 Ra8 26.Nb5 Rxa2 27.Nxc7 Bc6 28.h3 Ra5 29.Rd1 Ke7
30.Nd5+ Ke6 31.Rd4 Bxd5 32.Rxd5 Ra1+ 33.Kh2 Rc1 34.Rd4 Rc2 35.Kg3 g5 36.h4 h6
37.hxg5 hxg5 38.Rd5 g4 39.Rd4  1-0

[Event "TATA 14th IBCA Olympiad"]
[Site "Chennai IND"]
[Date "2012.08.17"]
[Round "7.2"]
[White "Shepelev,I"]
[Black "Palacios Perez,M"]
[Result "1-0"]
[WhiteElo "2117"]
[BlackElo "2166"]

1.d4 Nf6 2.c4 e6 3.Nc3 Bb4 4.Nf3 Nc6 5.g3 O-O 6.Bg2 d6 7.Qd3 e5 8.O-O exd4
9.Nd5 Nxd5 10.cxd5 Ne5 11.Qxd4 Bc5 12.Qc3 Nxf3+ 13.Bxf3 Bh3 14.Rd1 Re8 15.b4 Bb6
16.Bb2 Qg5 17.Qd2 Qg6 18.Bd4 Bg4 19.Bxg4 Qxg4 20.e3 Bxd4 21.Qxd4 Re4 22.Qd2 Rae8
23.b5 R8e7 24.Rac1 h5 25.Rc3 h4 26.Rdc1 h3 27.Qd3 Qf3 28.Qf1 Rb4 29.Qxh3 Qxd5
30.Qc8+ Kh7 31.Rxc7 Rxc7 32.Qxc7 Rxb5 33.Qc2+ g6 34.Rd1 Qc5 35.Qe4 d5 36.Qe5 Qa3
37.Rd4 Rb4 38.Qxd5 Rb1+ 39.Kg2 Qe7 40.Rh4+ Kg7 41.Qd4+ f6 42.Re4 Qf7 43.Qd6 Rb6
44.Qd4 Qc7 45.Qa4 a6 46.Qe8 Qc6 47.Qe7+ Kh6 48.Qf8+ Kg5 49.h4+ Kf5 50.f3 g5
51.g4+  1-0

[Event "Husek Vienna Open A"]
[Site "Vienna AUT"]
[Date "2012.08.17"]
[Round "5"]
[White "Michalik,P"]
[Black "Salgado Lopez,I"]
[Result "1/2-1/2"]
[WhiteElo "2508"]
[BlackElo "2638"]

1.d4 Nf6 2.c4 e6 3.Nc3 Bb4 4.Nf3 b6 5.e3 Bb7 6.Bd3 Ne4 7.Qc2 f5 8.O-O Bxc3
9.bxc3 O-O 10.c5 Rf6 11.Ne1 Qf8 12.f3 Ng5 13.h4 Nf7 14.e4 fxe4 15.Bxe4 Bxe4
16.Qxe4 Nc6 17.Nd3 Re8 18.Bf4 e5 19.Rae1 Qe7 20.Bg5 Nxg5 21.hxg5 Rff8 22.Nxe5 Nxe5
23.Qd5+ Qf7 24.Rxe5 Qxd5 25.Rxd5 Rf7 26.cxb6 axb6 27.a4 Re3 28.Rc1 Rfe7 29.Rc2 Re1+
30.Kf2 Ra1 31.c4 Rxa4 32.c5 bxc5 33.dxc5 Kf7 34.c6 d6 35.Rxd6 cxd6 36.c7 Ra8  1/2-1/2